| 000 | 00947nam a2200241 4500 | ||
|---|---|---|---|
| 008 | 250403b |||||||| |||| 00| 0 eng d | ||
| 020 | _a9787113315979 | ||
| 040 | _aMksU | ||
| 050 |
_aLC 1042.5 _b .J56 2024 |
||
| 100 |
_aJingquan Lv _eAuthor |
||
| 245 |
_aThe interpretation of engineering practice innovation project (EPIP) / _cLiu Jingquan ; edited by He Hongtao, Wei Zhigang, Lü Lianghui. |
||
| 260 |
_aBeijing : _bChina Machine Press, _c2024 |
||
| 300 |
_a286p. ; _c24cm. |
||
| 366 | _aText | ||
| 440 | _aTheoretical Research and Practical Application of the National Teaching Achievement Grand Award | ||
| 504 | _aIncludes bibliographical references and index. | ||
| 650 | _aEngineering Education | ||
| 650 | _aInnovation in Engineering Practice. | ||
| 700 |
_aZhai Fengjie _eChief Translator |
||
| 700 |
_aHe, Hongtao _eeditor |
||
| 700 |
_aWei, Zhigang, _eeditor |
||
| 942 |
_2lcc _cBOOKS _hLC 1042.5 .J56 2024 |
||
| 999 |
_c32217 _d32217 |
||